| 000 | 00591nam a2200205Ia 4500 | ||
|---|---|---|---|
| 003 | OSt | ||
| 005 | 20241107152547.0 | ||
| 008 | 210210b2017 xxu||||| |||| 00| 0 eng d | ||
| 040 | _cAL | ||
| 041 | _aKannada | ||
| 082 | _a305.56K RAJD | ||
| 100 |
_aRAJA (M C) _dರಾಜಾ (ಎಮ್ ಸಿ) _9184528 |
||
| 245 |
_aDamanita hindugalu _bದಮನಿತ ಹಿಂದುಗಳು |
||
| 260 |
_aGadaga _bLadayi Prakashana _c2017 |
||
| 300 | _a79 | ||
| 690 |
_aSocial Classes _9184529 |
||
| 700 |
_aNa Divakara _dನಾ ದಿವಾಕರ Tr _9184530 |
||
| 906 | _a072242 | ||
| 942 |
_2ddc _cBK |
||
| 999 |
_c122081 _d122081 |
||